=LDR 00000nam 2200000 4500 =001 INLIS000000000059617 =005 20211118080957 =035 ##$$a 0010-1121000354 =007 ta =008 211118###########################0#ind## =082 ##$$a R. 570.3 =084 ##$$a R. 570.3 Rea e =245 1#$$a Ensiklopedi Biologi /$c Ready Susanto =300 ##$$a 124 halaman : $b Ilustrasi ; $c 23 Cm. =650 #4$$a Biologi- Ensiklopedi =264 ##$$a Bandung :$b Kiblat Buku Utama,$c 2007 =336 ##$$a teks$2 rdacontent =337 ##$$a lain-lain$2 rdamedia =338 ##$$a lain-lain$2 rdacarrier =990 ##$$a 31133113